Statistics for North Korea A-Z

Click here to take the quiz!

General Stats

  • This quiz has been taken 72 times
  • The average score is 9 of 26

Answer Stats

LetterHintAnswer% Correct
EGeorge W. Bush put North Korea into his Axis of...Evil
78%
FNorth Korea experienced this in the 1990sFamine
75%
DThe country's official nameDemocratic People's Republic of Korea
75%
ZNorth Korea is separated from South Korea by the De-Militarised...Zone
66%
WCurrency of North KoreaWon
59%
ANorth Korea has the fourth largest one of these in the worldArmy
58%
UCurrent supreme leader's given nameUn
56%
JKim Il-Sung's ideologyJuche
52%
HNorth Korea's nicknameHermit Kingdom
42%
GKim Il-Sung was this type of fighterGuerilla
41%
VOn July 27th North Korea celebrates thisVictory Day
41%
LFlower symbol of North KoreaLotus
33%
BNorth Korea's highest pointBaekdu Mountain
28%
ISpecial permission is needed to access thisInternet
23%
MWorld's largest stadiumMay Day Stadium
22%
YRiver that forms most of the border with ChinaYalu River
20%
NCity where huge barrage was builtNampho
16%
SThe 'military first' policySongun
14%
TRiver running through the capital city PyongyangTaedong River
14%
CNational football team, nicknamed after a mythical winged horseChollima
14%
RNorth Korea's tallest buildingRyugyong Hotel
13%
KOnce Kim Il-Sung's palace, now his mausoleumKumsusan Palace
9%
PNorth Korean version of Godzilla, who fights with the peasant army to overthrow the imperialist kingPulgasari
8%
ONorth Korea's most famous restaurantOkryugwan
3%
XHan commandery once located where modern North Korea existsXuantu
2%
QKCTV announced the discovery of the grotto of this mythical beastQilin
2%

Score Distribution

Percentile by Number Answered

Percent of People with Each Score

Your Score History

You have not taken this quiz